|
|
|
|
| LEADER |
00000nam0a2200000 4500 |
| 001 |
115848 |
| 005 |
20231101215305.0 |
| 010 |
|
|
|a 5974600207
|
| 035 |
|
|
|a (RuTPU)RU\TPU\book\125317
|
| 090 |
|
|
|a 115848
|
| 100 |
|
|
|a 20070515d2006 k y0rusy50 ca
|
| 101 |
0 |
|
|a rus
|
| 102 |
|
|
|a RU
|
| 105 |
|
|
|a y z 001zy
|
| 200 |
1 |
|
|a Мастерство педагога в процессе образования и обучения
|e монография
|f Г. И. Хозяинов
|
| 210 |
|
|
|a Москва
|c Физическая культура
|d 2006
|
| 215 |
|
|
|a 224 с.
|
| 320 |
|
|
|a Библиогр.: с. 201-203.
|
| 330 |
|
|
|a В книге рассматриваются вопросы самосовершенствования и профессиональной самореализации педагога на пути к вершине профессионализма - педагогическому мастерству в процессе образования и обучения. Монография предназначена для учителей общеобразовательных школ, преподавателей средних специальных и высших учебных заведений. Может быть использована для слушателей институтов повышения квалификации и студентов средних и высших учебных заведений при подготовке к профессиональной педагогической деятельности.
|
| 606 |
1 |
|
|a Дидактика
|x Школьная
|2 stltpush
|3 (RuTPU)RU\TPU\subj\9460
|9 36704
|
| 610 |
1 |
|
|a образование
|
| 610 |
1 |
|
|a обучение
|
| 610 |
1 |
|
|a педагогическое мастерство
|
| 610 |
1 |
|
|a педагогическая деятельность
|
| 610 |
1 |
|
|a педагогический такт
|
| 610 |
1 |
|
|a этика
|
| 610 |
1 |
|
|a культура речи
|
| 610 |
1 |
|
|a педагогические технологии
|
| 610 |
1 |
|
|a эффективность
|
| 686 |
|
|
|a Ч421.2
|v LBC/SL-A
|2 rubbk
|
| 700 |
|
1 |
|a Хозяинов
|b Г. И.
|g Геннадий Иванович
|
| 801 |
|
1 |
|a RU
|b 63413507
|c 20070515
|g PSBO
|
| 801 |
|
2 |
|a RU
|b 63413507
|c 20130729
|g PSBO
|
| 942 |
|
|
|c BK
|